PKO Ekstraklasa- Słowacy w sezonie 2019/2020 - Statystyki

Ogólne statystyki
  • Ten quiz został rozwiązany 134 razy
  • Średni wynik to 12 z 21
Statystyki odpowiedzi
Klub Pozycja Słowak % Poprawnych
Lechia Gdańsk Bramkarz Dusan Kuciak
85%
Piast Gliwice Bramkarz Frantisek Plach
80%
Górnik Zabrze Bramkarz Martin Chudy
79%
Śląsk Wrocław Bramkarz Matus Putnocky
79%
Cracovia Bramkarz Michal Peskovic
78%
Lech Poznań Obrońca(Środkowy) Lubomir Satka
69%
Zagłębie Lubin Obrońca(Środkowy) Lubomir Guldan
64%
Cracovia Obrońca(Lewy) Michal Siplak
61%
Cracovia Bramkarz Lukas Hrosso
59%
Śląsk Wrocław Pomocnik/Napastnik(Skrzydłowy) Robert Pich
59%
Górnik Zabrze Pomocnik/Napastnik(Skrzydłowy) Erik Jirka
51%
Piast Gliwice Obrońca(Środkowy) Tomas Huk
51%
Lechia Gdańsk Pomocnik/Napastnik(Skrzydłowy) Jaroslav Mihalik
49%
Cracovia Pomocnik(Defensywny) Milan Dimun
49%
Jagiellonia Obrońca(Prawy) Andrej Kadlec
45%
Górnik Zabrze Pomocnik(Defensywny) Roman Prochazka
45%
Cracovia Napastnik/Skrzydłowy Tomas Vestenicky
45%
Wisła Kraków Napastnik Lubomir Tupta
41%
Piast Gliwice Obrońca(Lewy) Jakub Holubek
35%
Jagiellonia Pomocnik/Napastnik(Skrzydłowy) Martin Kostal
33%
Korona Kielce Pomocnik/Napastnik(Skrzydłowy) Erik Pacinda
25%
Nie znaleziono quizów pasujących do podanych kryteriów
Rozkład punktacji
Procent ludzi z każdym wynikiem
Percentyl według liczby udzielonych odpowiedzi
Twoja historia wyników
Nie rozwiązałeś tego quizu